000 00698nam a2200217 a 4500
005 20220817124102.0
008 061116s2000 mx r 000 0 spa d
020 _a9682313767
035 _aUPN01000147979
049 _aCG
050 4 _aF1408.3
_bA3.3 2000
245 0 0 _aAmerica Latina en sus ideas /
_bcoord. e introd. por Leopoldo Zea.
250 _a3a ed.
260 _aMéxico :
_bSiglo XXI :
_c2000.
_bUNESCO,
300 _a499 p.
440 0 _aAmérica Latina en su cultura
651 4 _aAMERICA LATINA -
_xCIVILIZACION -
_xFILOSOFIA
_99513
651 4 _aAMERICA LATINA -
_xPOLITICA Y GOBIERNO -
_xFILOSOFIA
_99512
700 1 _aZea, Leopoldo,
_d1912-2004
_ecoord.
_929318
905 _aLibro
999 _c120121
_d120121